000 00698nam a2200253Ia 4500
003 OSt
005 20221005084500.0
006 a|||||r|||| 00| 0
007 ta
008 221004b |||||||| |||| 00| 0 eng d
020 _a0394586018 (hbk)
024 _a121234
037 _bGift, 15/09/2012,
_cTextual
040 _aCRL
_cCRL
_beng
041 _2eng
_aeng
082 _aV55:21wM89, N1
100 _aBullock Alan
245 0 _aHitler and Stalin
_b Parallel lives
260 _aNew York
_bAlfred A.Knope USA
_c1991
300 _a1082p.
_ccm.
650 _aHISTORY
942 _hV55:21wM89, N1
_cTEXL
_2cc
999 _c992644
_d992644